| 000 | 00000nam 2200000za 4500 |
| 001 | 9.700430 |
| 003 | CaOODSP |
| 005 | 20250319160020 |
| 007 | cr ||||||||||| |
| 008 | 150407m20102011oncda #o f000 0 eng d |
| 040 | |aCaOODSP|beng |
| 043 | |an-cn--- |
| 086 | 1 |aR5-41/2010E-PDF |
| 110 | 1 |aCanada. |bIndian and Northern Affairs Canada. |bEvaluation, Performance Measurement, and Review Branch. |
| 245 | 10|aFinal report. Evaluation of the Intervention Policy |h[electronic resource] / |cEvaluation, Performance Measurement, and Review Branch. |
| 260 | |a[Ottawa] : |bIndian and Northern Affairs Canada, |c2010. |
| 300 | |a101 p. : |bill. |
| 500 | |aIssued also in French under title: Rapport final. Évaluation de la Politique d'intervention. |
| 500 | |aUpdated to include : Action plan implementation status update, report to the Evaluation, Performance Measurement and Review Commitee, as of September 30, 2011. |
| 590 | |a15-03-Supp|b2015-03-13 |
| 690 | 07|aIndigenous governments|2gcpds |
| 690 | 07|aDefaulted loans|2gcpds |
| 775 | 08|tRapport final. Évaluation de la Politique d'intervention : |w(CaOODSP)9.644318 |
| 856 | 40|ahttp://publications.gc.ca|qPDF|s488 KB|uhttps://publications.gc.ca/collections/collection_2015/aadnc-aandc/R5-41-2010-eng.pdf |
| 856 | 40|qPDF|s41 KB|uhttps://publications.gc.ca/collections/collection_2016/aanc-inac/R5-41-2011-eng.pdf |
| 986 | |aProject Number : 09082 |